| 000 | 00375nam a2200145Ia 4500 | ||
|---|---|---|---|
| 008 | 230312s9999||||xx |||||||||||||| ||und|| | ||
| 082 |
_a650 _bSAE-I |
||
| 100 | _aProfessor:M.Saeed.Nasir | ||
| 245 | 0 | _aIntroduction to Business | |
| 260 |
_bNew Fine Printing Press _aPakistan _c2010 |
||
| 300 | _a296 | ||
| 546 | _aEng. | ||
| 650 |
_aAccounting _vNature and Scope |
||
| 942 | _cBK | ||
| 999 |
_c6301 _d6301 |
||